Normal view
MARC view
- SUPERVISORS Dr Imran Shafi Lec. Jawad haider syed
Entry Personal Name
001 - CONTROL NUMBER
- control field: 70725
003 - CONTROL NUMBER IDENTIFIER
- control field: NUST
005 - DATE AND TIME OF LATEST TRANSACTION
- control field: 20210628204540.0
008 - FIXED-LENGTH DATA ELEMENTS
- fixed length control field: 210628|| aca||aabn | a|a d
040 ## - CATALOGING SOURCE
- Original cataloging agency: NUST
- Transcribing agency: NUST
100 ## - HEADING--PERSONAL NAME
- Personal name: SUPERVISORS Dr Imran Shafi Lec. Jawad haider syed
670 ## - SOURCE DATA FOUND
- Source citation: Work cat.: (NUST): ASC SHEHRYAR AMIN NC DANISH MINHAS NC ISHFAQ AHMAD LABEJA 70723, PR-SOF-1701-DESIGN AND DEVELOPMENT OF AUTOMATIC EMERGENCY BRAKE SYSTEM IN VEHICLE, 2018
